| 000 | 00000nam 2200000za 4500 |
| 001 | 9.852550 |
| 003 | CaOODSP |
| 005 | 20221107154618 |
| 007 | cr ||||||||||| |
| 008 | 180227s2018 onc #o f000 0 eng d |
| 020 | |a978-0-660-25437-1 |
| 040 | |aCaOODSP|beng |
| 043 | |an-cn--- |
| 086 | 1 |aM164-14/2018E-PDF |
| 245 | 00|aEmerging Renewable Power Program |h[electronic resource] : |bapplicant guide. |
| 260 | |a[Ottawa?] : |bNatural Resources Canada, |c2018. |
| 300 | |ai, 18 p. |
| 500 | |aTitle from cover. |
| 500 | |aIssued also in French under title: Programme des énergies renouvelables émergentes : guide du demandeur. |
| 520 | |a"Natural Resources Canada is offering funding for power projects using emerging renewable electricity technologies that have been widely deployed abroad but have yet to gain a foothold in Canada, or that have been successfully demonstrated in Canada and are now ready for commercial deployment. This $200 million program seeks to reduce barriers that have prevented commercial deployment of these emerging technologies while increasing Canada’s renewable electrical energy capacity from emerging renewable energy technologies"--Introduction, p. i. |
| 692 | 07|2gccst|aRenewable energy |
| 692 | 07|2gccst|aTechnological innovation |
| 692 | 07|2gccst|aFederal programs |
| 710 | 1 |aCanada. |bNatural Resources Canada. |
| 775 | 08|tProgramme des énergies renouvelables émergentes |w(CaOODSP)9.852552 |
| 856 | 40|qPDF|s553 KB|uhttps://publications.gc.ca/collections/collection_2018/rncan-nrcan/M164-14-2018-eng.pdf |